Statistics for Славянские страны от богатой к бедной

Click here to take the quiz!

General Stats

  • This quiz has been taken 1 057 times
  • The average score is 7 of 13

Answer Stats

МестоВВП на душу населенияСтрана% Correct
3651.407$Словения
83%
3949.025$Чехия
70%
5635.310$Россия
70%
4045.548$Польша
68%
10413.304$Украина
64%
4742.228$Словакия
61%
4542.873$Хорватия
57%
7224.017$Беларусь
51%
6726.074$Сербия
50%
5733.780$Болгария
48%
6428.002$Черногория
42%
8219.634$Босния и Герцеговина
40%
7621.391$Северная Македония
38%

Score Distribution

Percentile by Number Answered

Percent of People with Each Score

Your Score History

You have not taken this quiz